| 000 | 00793nam a2200253Ia 4500 | ||
|---|---|---|---|
| 001 | 18303 | ||
| 003 | GE_BSU | ||
| 008 | 181216s||||||||xx |||||||||||||| ||und|| | ||
| 020 | _a9789941235641 | ||
| 040 | _cGE_BSU | ||
| 080 | _a821.133.1-31 | ||
| 100 | _aუელბეკი,მიშელ | ||
| 245 | _aპლატფორმა | ||
| 245 | _bრომანი | ||
| 245 | _cრედ. თ.ქიტოშვილი., ფრანგ. თარგმ.ირმა ტაველიძე | ||
| 260 | _aთბილისი | ||
| 260 | _bბაკურ სულაკაურის გამ-ბა | ||
| 260 | _c2016 | ||
| 300 | _a348გვ.20სმ. | ||
| 541 | _h9ლ.50თ. | ||
| 653 | _aპლატფორმა | ||
| 653 | _aრომანი | ||
| 942 | _cBK | ||
| 999 |
_c51334 _d51334 |
||